| 000 | 00521nam a22001817a 4500 | ||
|---|---|---|---|
| 999 |
_c12249 _d12249 |
||
| 005 | 20200131121319.0 | ||
| 008 | 110912t mx||||| |||| 00| 0 sp d | ||
| 020 | _a9700746178 | ||
| 050 | 0 | 4 |
_aK374 _bR63 2003 |
| 100 | 1 |
_aRodríguez Lapuente, Manuel _eautor |
|
| 245 | 1 | 0 |
_aSociología del derecho _c/ Manuel Rodríguez Lapuente. |
| 250 | _a6a ed. | ||
| 260 |
_aMéxico : _bPorrúa, _c2003 |
||
| 300 |
_aviii, 221 p. ; _c21 cm. |
||
| 650 | 7 |
_2lemb _aDerecho _xSociología |
|
| 650 | 7 |
_2lemb _aDerecho y sociedad |
|
| 942 |
_2lcc _cLIB |
||